[Event "Bundesliga 0304"]
[Site "Germany"]
[Date "2004.04.25"]
[Round "15.8"]
[White "Bromberger, Stefan"]
[Black "Wegerle, Joerg"]
[Result "1-0"]
[WhiteElo "2448"]
[BlackElo "2382"]
[Annotator "Mueller,Karsten"]
[PlyCount "127"]
[EventDate "2003.11.01"]
[EventType "team-tourn"]
[EventRounds "15"]
[EventCountry "GER"]
[SourceTitle "CBM 101"]
[Source "ChessBase"]
[SourceDate "2004.07.27"]
[SourceVersion "1"]
[SourceVersionDate "2004.07.27"]
[SourceQuality "1"]
[WhiteTeam "Tegernsee"]
[BlackTeam "Solingen"]
[WhiteTeamCountry "GER"]
[BlackTeamCountry "GER"]

1. d4 d5 2. c4 c6 3. Nc3 Nf6 4. Nf3 a6 5. e3 e6 6. c5 Nbd7 7. b4 g6 8. Bd3 Bg7
9. e4 dxe4 10. Nxe4 Nxe4 11. Bxe4 O-O 12. Bg5 Nf6 13. Bc2 a5 14. a3 Qc7 15. O-O
axb4 16. axb4 Rxa1 17. Qxa1 Nd5 18. Bd2 b6 19. Rb1 Bb7 20. Rb3 Ra8 21. Ra3 Qb8
22. g3 bxc5 23. bxc5 Rxa3 24. Qxa3 Qa8 25. Qxa8+ Bxa8 26. Ne5 Bb7 27. Ba4 Bxe5
28. dxe5 Kg7 29. Kg2 h6 30. Kf3 Ne7 31. Ba5 Kf8 32. Ke4 Ke8 33. Bd2 Ng8 34. h4
Kd7 {Can Black hold his fortress against the pair of bishops?  Kann Schwarz
seine Festung gegen das Läuferpaar behaupten?} 35. h5 $5 {With difficulty!
Schwerlich!} g5 $6 (35... f5+ {was more exact, e.g. war genauer, z.B.} 36. exf6
Nxf6+ 37. Ke5 Ng4+ 38. Kd4 gxh5 39. f3 Nh2 {[%cal Gh2f1,Gh2f3]} 40. Bd1 Nf1 41.
Be1 Ba6 $16) 36. f4 $1 {a typical lever to exert pressure on the kingside. 
ein typischer Hebel, um am Königsflügel Druck zu machen.} f5+ 37. exf6 Nxf6+
38. Ke5 Nxh5 (38... Ng4+ 39. Kd4 gxf4 40. Bxf4 Ba6 41. Bd1 $18) 39. fxg5 hxg5
40. g4 Ng7 (40... Nf4 41. Bxf4 gxf4 42. Kxf4 Ke7 43. Ke5 Kf7 44. Kd6 $18) 41.
Bxg5 Ba6 (41... Ne8 42. Bh6 Ke7 43. g5 Kf7 44. Bc2 Ng7 45. g6+ Kg8 46. Kf6 Nf5
47. Bf4 Ng7 48. Be5 Nf5 49. Be4 Ne3 50. Kxe6 $18) 42. Bf6 Be2 (42... Ne8 43.
Bc2 Nc7 44. g5 Nd5 45. g6 Ke8 46. Ba4 Bb7 47. Kxe6 $18) 43. Bxg7 Bxg4 44. Bc2
Bf3 45. Be4 Bg4 46. Kf6 Bh5 47. Kg5 ({The variation which follows proves that
the black fortress cannot hold out: Folgende Variante weist nach, dass die
schwarze Festung nicht hält:} 47. Bh6 Be2 48. Bf4 Bc4 49. Be5 Bb5 50. Kf7 Bc4
51. Kf8 Bd5 52. Bg6 (52. Bxd5 $2 cxd5 53. Kf7 Kc6 54. Bd4 e5 55. Bf2 d4 $11)
52... Bf3 53. Be8+ Kd8 54. Bf6+ Kc7 55. Ke7 Bd5 56. Be5+ Kc8 57. Kd6 Kb7 58.
Bd7 Bg2 59. Bxe6 Bf3 60. Kd7 Be4 61. Kd8 Ka6 62. Kc7 Kb5 63. Kd6 Ka6 64. Bc8+
Kb5 65. Bd4 Bf3 66. Bf5 Ka6 67. Kc7 Kb5 68. Bd3+ Ka5 69. Bc3+ Ka4 70. Kb6 Kb3
71. Be5 Bd5 72. Bf5 Kc4 73. Bd7 $18) 47... Be2 48. Be5 Bd1 $6 (48... Bb5 49.
Kf6 Bc4 50. Kf7 Be2 51. Kf8 {[%cal Ge4g6,Gg6e8] and White still has something
to prove, as can be seen from the variation above. und Weiß muss noch Einiges
zeigen, wie obige Variante nachweist.}) 49. Bd3 {[%cal Gg5d2,Gd2a5,Ga5b6,Gb6b8]
[%mdl 4096]} Ke7 50. Kf4 Kd7 51. Ke3 Bg4 52. Kd4 Kc8 53. Ba6+ Kd7 54. Kc3 Bf3
55. Kb4 Bd5 56. Ka5 Bf3 57. Kb6 Be4 58. Bb7 Bd5 59. Ba8 Be4 60. Kb7 Bd5 61. Kb8
Be4 62. Bb7 Bd5 63. Bc8+ Kd8 64. Bf6+ (64. Bf6+ Ke8 65. Kc7 Kf7 66. Bh4 e5 67.
Kd6 e4 68. Bd7 $18) 1-0

[Event "FRA-chT Top 12"]
[Site "Brest"]
[Date "2018.05.26"]
[Round "1.2"]
[White "Riazantsev, Alexander"]
[Black "Navara, David"]
[Result "0-1"]
[WhiteElo "2662"]
[BlackElo "2727"]
[Annotator "Navara,D"]
[PlyCount "94"]
[EventDate "2018.05.26"]
[EventType "team-tourn"]
[EventRounds "11"]
[EventCountry "FRA"]
[SourceTitle "CBM 185"]
[Source "ChessBase"]
[SourceDate "2018.07.13"]
[SourceVersion "1"]
[SourceVersionDate "2018.07.13"]
[SourceQuality "1"]
[WhiteTeam "Metz Fischer"]
[BlackTeam "Mulhouse Philidor"]
[WhiteTeamCountry "FRA"]
[BlackTeamCountry "FRA"]

{My score against Alexander Riazantsev had (and still has) been quite dismal.
Given that, I decided to play on the 2nd board in the initial round to
surprise our opponents and avoid an encounter with him. The surprise might
well have been mutual.} 1. d4 {[%emt 0:00:00]} d5 {[%emt 0:00:04]} 2. c4 {
[%emt 0:00:00]} c6 {[%emt 0:00:03]} 3. Nc3 {[%emt 0:02:39]} Nf6 {[%emt 0:00:07]
} 4. e3 {[%emt 0:00:04]} e6 {[%emt 0:00:07]} 5. Nf3 {[%emt 0:01:21]} Nbd7 {
[%emt 0:00:07]} 6. a4 {[%emt 0:00:08] Alexander had played this move seven
times before, but mostly in blitz and rapid games. He is an excellent
theoretician who also works as a top-class second. I expected him to choose
something more principled. But perhaps he wanted to save the precious
novelties for his friends.} Bb4 {[%emt 0:05:40]} ({There was nothing wrong with
} 6... Bd6 7. a5 O-O 8. Be2 dxc4 9. Bxc4 e5 10. O-O h6 {, followed by ...Re8,
but developing the bishop on b4 appeared more natural to me.}) 7. Bd3 {[%emt 0:
01:18]} b6 $146 {[%emt 0:02:14]} (7... O-O 8. O-O {Riazantsev,A (2671)-Potkin,
V (2599) RUS-ch blitz 2015 (2) 1-0}) 8. O-O {[%emt 0:01:34]} O-O {[%emt 0:00:
59]} (8... Ba6 9. Qb3 c5 10. Rd1 $36) 9. Bd2 {[%emt 0:04:14]} a5 {[%emt 0:01:
00]} (9... dxc4 $1 10. Bxc4 Bb7 $11 {promises Black a comfortable equality.})
10. cxd5 $1 {[%emt 0:05:35] This was a well-timed exchange and an improvement
over a previous blitz game. Now Black has to make a small concession.} (10. Qc2
Bb7 11. e4 dxe4 12. Nxe4 Nxe4 $1 {This is the best move, but Black has several
decent alternatives:} (12... c5 $5) (12... Bxd2 13. Nfxd2 c5 14. dxc5 bxc5 15.
Rfd1 Qb6 16. Ra3 Rfd8 17. Nxf6+ Nxf6 18. Bf1 h6 (18... Bc6 $15) 19. Rd3 Rxd3
20. Qxd3 Rd8 21. Qc2 Rd4 22. b3 Qd6 (22... Nh5) 23. Be2 Ne4 24. Nf3 Rxd1+ 25.
Bxd1 g5 26. h3 Kg7 27. Be2 Nf6 28. Qc3 Qb6 29. Ne5 Qb4 30. Qxb4 cxb4 31. Bf3
Bxf3 32. gxf3 Kf8 33. Nc6 Nd7 34. Nxa5 Nc5 35. Nc6 Na6 36. Kf1 Ke8 37. Ke2 Kd7
38. Ne5+ Ke7 39. Nd3 Kd6 40. Ke3 f5 41. Kd4 Kd7 42. Nc5+ Nxc5 43. Kxc5 e5 44.
Kd5 {1-0 (44) Riazantsev,A (2671)-Potkin,V (2599) St Petersburg 2015. This was
a blitz game and not a theoretically relevant one.}) 13. Bxe4 f5 14. Bxb4 axb4
15. Bd3 c5 $1 $15) 10... exd5 {[%emt 0:00:30]} (10... cxd5 11. Nb5 $14 {
would be pleasant for White, as Black's queenside knight belongs on c6 or b4
rather than d7.}) 11. Qc2 {[%emt 0:00:08]} Ba6 {[%emt 0:06:20] '<=>'} ({
It made sense to take control of the e5-square by means of} 11... Re8 $1 $11 {.
} {I was afraid of} 12. Na2 {, but} c5 $1 (12... Bxd2 $6 13. Qxc6 $1 Ba6 $1 14.
Bxa6 Bxe3 $1 15. Bd3 {is preferable for White.}) 13. Nxb4 axb4 {is fine for
Black.}) ({The following line clearly illustrates the dangers of the position:
} 11... Bb7 $6 12. Ne5 $1 Nxe5 {Otherwise 13.f4 might follow.} 13. dxe5 Ng4 14.
f4 d4 15. Bxh7+ Kh8 16. Bf5 $1 (16. Rf3 dxc3 17. Rh3 Nh6) 16... Nh6 17. exd4
Qxd4+ 18. Kh1 Nxf5 $2 (18... Rad8 19. Be1 $14) 19. Qxf5 Qxd2 20. Rf3 Kg8 21.
Ne4 $1 Qxb2 22. Nf6+ $18 {.}) 12. Bxa6 {[%emt 0:12:22]} Rxa6 {[%emt 0:00:05]}
13. Ne2 {[%emt 0:00:16]} ({I was more afraid of} 13. Na2 $5 {, as} c5 $1 {
looked rather double-edged} ({, while} 13... Bxd2 $6 14. Nxd2 c5 15. Nf3 $36 {
would leave the b5-square weak.})) 13... Qa8 {[%emt 0:01:23]} 14. Ng3 {[%emt 0:
10:31]} (14. Ne5 {looked critical.} {Komodo suggests} Nxe5 (14... c5) 15. dxe5
Nd7 16. f4 Bxd2 17. Qxd2 Nc5 18. Nd4 Ra7 $13 {, but this looks fairly risky at
first sight. I would probably rather play 14...c5 or 14...Rc8.}) 14... g6 {
[%emt 0:01:17]} (14... Re8 15. Rac1 c5 $13) 15. Rac1 {[%emt 0:01:58]} ({
The knight move} 15. Ne5 {looked more logical here or on the next move.
However, Black would have more than one way to maintain equality:} Bxd2 (15...
c5 $13) (15... Nxe5 16. dxe5 Nd7) 16. Qxd2 Nxe5 (16... Ra7) 17. dxe5 Nd7 18. f4
Nc5) 15... c5 {[%emt 0:06:59]} 16. b3 {[%emt 0:09:42]} (16. Ne5 $5) 16... Rc8 {
[%emt 0:07:59]} 17. Qb2 {[%emt 0:04:28]} Ra7 {[%emt 0:02:45]} 18. dxc5 {
[%emt 0:09:40]} ({After} 18. Bxb4 {I would probably try} cxb4 $5 ({while
Alexander disliked the line} 18... axb4 19. Rc2 $2 c4 $1 {.})) (18. Ne5 $11) (
18. Rc2 Rac7 19. Rfc1 Qa6 $11 {(Riazantsev)}) 18... bxc5 {[%emt 0:04:35]} ({
I rejected} 18... Bxd2 19. Nxd2 bxc5 {on account of} 20. Nb1 (20. e4 $5) 20...
Rb7 21. Nc3 {, but} Rb4 $1 22. Na2 Rh4 $5 {would still be pleasant for Black.})
19. Bc3 $6 {[%emt 0:00:03] This was a loss of time. After the game Sasha
rightly criticised this move.} (19. Bxb4 axb4) (19. Rfd1 $11) 19... Bxc3 {
[%emt 0:01:42]} 20. Rxc3 {[%emt 0:00:03]} Rb7 {[%emt 0:01:18]} 21. Qc2 {
[%emt 0:02:13]} Rb4 {[%emt 0:09:09]} ({I considered a move repetition by means
of} 21... d4 22. exd4 ({The computer's fancy suggestion} 22. Nxd4 Nd5 23. Rc4
N5b6 24. Ndf5 $1 {escaped my attention. The position remains unclear after}
gxf5 25. Rh4 Ne5 {, but I would need to overcome the shock.}) 22... Nd5 23. Rc4
N5b6 $11 {. In the end I concluded that my position was pleasant enough to
continue.}) 22. h3 {[%emt 0:10:00]} c4 $1 {[%emt 0:11:36]} 23. Ra1 {[%emt 0:08:
43]} Nc5 {[%emt 0:08:28]} (23... Nb6 $15 {might have been more accurate.}) 24.
Nd2 {[%emt 0:07:27]} h5 $1 {[%emt 0:00:08] I often tend to play on the whole
board. Not always well, but that is a different story.} 25. bxc4 $138 {[%emt 0:
03:25]} ({After} 25. h4 {Black should probably play} Qb7 $1 {(or ...Qb8)} (
25... Nxb3 $6 26. Nxb3 Rxb3 27. Rxb3 cxb3 28. Qxb3 Rc4 29. Ne2 $1 Rxh4 $6 (
29... Rb4 $1 30. Qc3 Qd8 $15) 30. Nd4 {surprisingly gives White full
compensation.}) 26. bxc4 Nfe4 27. Ngxe4 dxe4 $17 {, as suggested by Komodo.
The obvious difference in piece activity would outweigh the slight material
disadvantage.}) 25... h4 {[%emt 0:00:10]} 26. Ne2 {[%emt 0:02:09]} (26. Nf5 $5
gxf5 27. Qxf5 {was an interesting attempt to change the course of the game (if
that was possible), but in White's time trouble it could backfire. Black might
be slightly better after both} Nfe4 {and} (27... Ncd7 28. Qg5+ Kf8 {, but the
position remains very complicated.})) 26... Nfe4 {[%emt 0:01:48]} 27. Nxe4 {
[%emt 0:00:33]} Nxe4 {[%emt 0:00:11]} 28. Rca3 {[%emt 0:01:16]} (28. Rd3 dxc4
29. Rd4 c3 $17) 28... dxc4 $6 {[%emt 0:03:55] This natural move was inaccurate.
} (28... Rcxc4 $1 29. Qd1 Qc6 $17 (29... Rb2 30. R3a2 Qb7 31. Rxb2 Qxb2 32. Rb1
Qc2 $17) 30. Nd4 Qc5 {would leave White under pressure.}) 29. Nc3 {[%emt 0:00:
02]} Nc5 $6 {[%emt 0:00:16]} ({It seemed to me that} 29... Nxc3 30. Rxc3 Qc6
$15 {would be too drawish.}) 30. Rd1 $6 {[%emt 0:01:15] It is very difficult
to play such a position in time trouble.} ({I planned to meet} 30. e4 $1 {with}
Qb8 31. Nd5 Qe5 {, but it is less good than I had believed. My calculations
were fairly inaccurate, there.} {White would be perfectly fine after} 32. Rd1
$1 (32. Qc3 Qxc3 33. Rxc3 Rxa4 $15) 32... Kg7 ({Playing 29...Nc5 I had
probably missed that} 32... Nxe4 $2 {was not possible because of} 33. Qxe4 $1
Qxe4 34. Nf6+ {.}) 33. Rc3 $1 {Black has several options but they all lead to
double-edged or equal positions, for instance} Nxe4 (33... Rd8 $5) (33... Nxa4
34. f4 $1 Qd6 35. Ra3) 34. Re3 f5 35. Nxb4 (35. f4 $5) 35... axb4 36. Rd7+ {
with a volatile equality.}) 30... Rd8 $1 {[%emt 0:01:40]} ({White was hoping
for} 30... Nd3 $2 31. Nd5 $1 Qxd5 32. Raxd3 {.}) 31. Rxd8+ $6 {[%emt 0:01:09]}
({While} 31. Raa1 $1 Nd3 $17 {was not great for White, it would still be a
lesser evil.}) 31... Qxd8 {[%emt 0:00:07]} 32. Ra1 {[%emt 0:00:36]} Nd3 $6 {
[%emt 0:01:45]} ({An even stronger move was} 32... Qd3 $1 33. Qxd3 cxd3 $1 34.
Kf1 Rb2 $5 $19 {, as White's pieces could hardly move.}) 33. Ne4 $2 {[%emt 0:
00:31] A mistake in a difficult position. I was hoping for this move.} (33. Nb5
Qf6 34. Rf1 $17 {was not great but still playable.} {Grandmaster Stohl gave in
Ceskoslovensky sach the following pretty line:} Qc6 35. Rb1 $2 Rb2 $1 36. Rxb2
Ne1 $19 {.}) 33... Qe7 {[%emt 0:00:40] '-/+' The knight has no good retreat.}
34. Nd2 {[%emt 0:00:46]} (34. f3 f5 $19) 34... Nxf2 $1 {[%emt 0:03:53]} (34...
Qf6 $6 35. Rf1 Rb2 36. Qd1 Qc6 $1 {was less clear.}) 35. Rf1 {[%emt 0:00:41]
This move surprised me a bit, but I quickly found its refutation.} ({After} 35.
Nxc4 Nxh3+ $1 36. gxh3 Qg5+ {Black wins the knight back with a decisive
advantage.}) 35... Nxh3+ $1 {[%emt 0:03:18] This combination strongly
resembles the game Movsesian - Navara, 2018. There I also sacrificed the same
piece twice, both time taking important pawns which had been protecting
White's king.} (35... Nd3 $2 36. Nxc4 Qe4 37. Nd6 Qxe3+ 38. Kh1 {could give
White reasonable drawing chances.}) 36. gxh3 {[%emt 0:00:01]} Qxe3+ {[%emt 0:
00:12]} 37. Rf2 {[%emt 0:00:03]} c3 $1 {[%emt 0:00:43] Black wins a tempo and
his rook gets access to f4, g4 and b2. What more can be expected from one move?
} 38. Nf1 {[%emt 0:01:21]} Qxh3 {[%emt 0:00:09]} 39. Rg2 {[%emt 0:00:28] White
had to parry the check on g4.} Rb2 {[%emt 0:06:12] It took me some time to
make sure that there would be no perpetual check.} 40. Rxg6+ {[%emt 0:00:21]}
Kf8 $1 {[%emt 0:30:08]} ({This is more precise than} 40... fxg6 {, but both
moves are winning.}) 41. Qd1 {[%emt 0:06:05]} fxg6 {[%emt 0:00:00]} 42. Qd8+ {
[%emt 0:00:42]} Kf7 {[%emt 0:00:00]} 43. Qc7+ {[%emt 0:00:05]} Kf6 {[%emt 0:00:
00]} ({Of course not} 43... Ke6 $4 44. Qc8+ $18 {.}) 44. Qd8+ {[%emt 0:00:23]}
Ke5 {[%emt 0:00:00]} 45. Qc7+ {[%emt 0:05:20]} Kd4 {[%emt 0:00:00]} 46. Qd6+ {
[%emt 0:02:18]} Kc4 {[%emt 0:00:00] The king can hide near the a1-corner.} 47.
Nd2+ $1 {[%emt 0:00:13] A witty trick, but I was alert.} cxd2 {[%emt 0:00:00]
With this win I helped my team to win the match and improved my score against
Alexander to 2-6. (Not in my favour.)} ({It was not too late to spoil the game:
} 47... Rxd2 $4 48. Qc5+ Kb3 49. Qb5+ Kc2 50. Qb1+ Kxb1 $11) 0-1

[Event "FIDE World Cup"]
[Site "Tromsoe"]
[Date "2013.09.01"]
[Round "7.3"]
[White "Kramnik, Vladimir"]
[Black "Andreikin, Dmitry"]
[Result "1/2-1/2"]
[WhiteElo "2784"]
[BlackElo "2716"]
[Annotator "Negi,P"]
[PlyCount "53"]
[EventDate "2013.08.11"]
[EventType "k.o."]
[EventRounds "7"]
[EventCountry "NOR"]
[SourceTitle "CBM 156"]
[Source "ChessBase"]
[SourceDate "2013.09.17"]
[SourceVersion "1"]
[SourceVersionDate "2013.09.17"]
[SourceQuality "1"]

{After narrowly surviving the previous game, Kramnik had wondered about the
wisdom of taking such risks when he is a point ahead. Consequently, today he
decided not to be too pretentious, hoping for the slightest of edges. But as
often happens with such a conservative attitude, he played a couple of sloppy
moves which put him almost on the brink of being worse. Clearly annoyed, he
pulled himself together just in time to secure the equality with some nice
tactical ideas.} 1. d4 d5 2. Nf3 Nf6 3. c4 c6 {A brave change by Andreikin! In
their previous game he had tried to replicate Kramnik's solid QGD - but
Vladimir proved to be technically flawless with white as well. This time he
decides to surprise Kramnik by going for a popular mainline that he had rarely
played before.} 4. Nc3 a6 5. e3 e6 6. b3 c5 {Once again, stepping out of the
well trodden paths of theory.} (6... Bb4 {leads to typical closed Slav
positions.}) 7. Bb2 cxd4 8. Nxd4 Bb4 $5 {An interesting novelty. The subtle
idea seems to be to provoke a3 - which then might turn out to be a weakeness.}
9. Nc2 {Slightly passive, and in line with Kramnik's strategy of playing
solidly. It's from this point that a series of innocous and solid looking
moves from White suddenly almost brought him in danger of being worse.} (9. a3
Bd6 {seems a bit counter intuitive, but after the normal} 10. cxd5 exd5 {
we get a typical isolated pawn's position where a3 seems extremely weakening.
For instance, after Rc1 Black can always play the annoying ...Qe7, attacking
the newly created weakenesses.}) 9... Ba5 10. Be2 O-O 11. O-O dxc4 12. Qxd8 (
12. bxc4 $5 {might be objectively better, leading to an interesting and
complicated structure. The open b-file, and activity of pieces trade off the
weakened structure.}) 12... Rxd8 {Around this point Kramnik looked rather
annoyed with himself, and for good reason. From an extremely solid, possibily
slightly better position, he has allowed himself to suddenly face actual
dangers - the rook jump to d2 needs to be urgently dealt with!} 13. Bxc4 {
After a long think Andreikin decides that the very tempting b5, followed by ...
Rd2 doesn't actually promise him anything. Instead he continues to develop,
hoping to utilise the awkward placement of White's pieces along the c-file in
the future.} (13. bxc4 Rd2 $1 {Suddenly White is forced to play Bd1, and his
position doesn't look impregnable anymore.}) 13... Nc6 (13... b5 14. Be2 Rd2 {
looks extremely worrying. Bd1 appears to be the only move, when Black has
clearly taken the initiative. But} 15. Rac1 $1 {is the nice little tactic that
White found. He utilises Black's unprotected Bc8 to save his piece.} Bxc3 16.
Bxc3 Rxe2 17. Bxf6 gxf6 18. Nd4 $1 {A nice touch!}) 14. Rfd1 Bd7 15. Na4 $5 {
Clearly somewhat annoyed with his sluggish play so far, Kramnik decides to
force matters rather than go for a long and slow paced endgame. With a few
concrete moves he simplifies the game to a draw.} b5 {If not, then the knight
lands on c5, and the initiative shifts to White.} 16. Nc5 bxc4 17. Bxf6 gxf6
18. Nxd7 {The next moves are not forced, but it's hard to suggest any
improvements. The game quickly reaches a drawn endgame.} Bc3 19. Rab1 Ra7 20.
Nc5 Rxd1+ 21. Rxd1 Nb4 22. Nxb4 Bxb4 23. Rd8+ Kg7 24. Rc8 Bxc5 25. Rxc5 cxb3
26. axb3 Rb7 27. Rc3 {So Andreikin manages to stay in the race, while Kramnik
seems set to take the title. Still, don't be too sure! Nerves are sure to play
an important role tomorrow - and Kramnik certainly can't feel happy today.
Also his near collapse against Korobov might be playing at the back of his
mind as he fights to fend off the young Russian challenge.} 1/2-1/2